O processo de contratação pública : (Record no. 1042)

MARC details
000 -LÍDER
Campo Fixo de Controle 00672nam a2200229 a 4500
001 - NÚMERO DE CONTROLE
Campo de Controle 1042
003 - IDENTIFICAÇÃO DO NÚMERO DE CONTROLE
Campo de Controle BR-CuiBMT
005 - DATA E HORA DA ÚLTIMA ATUALIZAÇÃO
Campo de Controle 20231127203603.0
008 - DADOS FIXOS
Dados Fixos 231127s2012 prba 000 0 por d
020 ## - INTERNATIONAL STANDARD BOOK NUMBER
Nº do ISBN 9788599369180
040 ## - AGÊNCIA CATALOGADORA
Código da Agência Catalogadora BR-CuiBMT
Agência que transcreveu o registro BR-CuiBMT
080 ## - Nº DA CLASSIFICAÇÃO DECIMAL UNIVERSAL
Nº edição CDU 2007
Nº Class. CDU 351.712
090 ## - NÚMERO DE CHAMADA
Nº classificação 351.712
Cutter M538p
100 1# - ENTRADA PRINCIPAL -- AUTOR PESSOAL
Nome pessoal Mendes, Renato Geraldo
245 12 - TÍTULO PRINCIPAL
Título principal O processo de contratação pública :
Subtítulo fases, etapas e atos /
Indicação de responsabilidade Renato Geraldo Mendes.
260 ## - PUBLICAÇÃO, DISTRIBUIÇÃO, ETC.
Local de publicação Curitiba :
Editora Zenite,
Data 2012.
300 ## - DESCRIÇÃO FÍSICA
N. páginas ou volumes 471 p. :
Ilustrações il. color.;
Dimensões 25 cm
504 ## - NOTA DE BIBLIOGRAFIA, ETC.
Nota de bibliografia Inclui bibliografia.
650 ## - ASSUNTO TÓPICO
Cabeçalho tópico ou nome geográfico Licitação pública
650 ## - ASSUNTO TÓPICO
Cabeçalho tópico ou nome geográfico Administração pública
942 ## - ELEMENTOS DE ENTRADA ADICIONAIS (KOHA)
Fonte de classificação ou esquema de arquivamento Classificação Decimal Universal
Tipo de item do Koha Livros
Holdings
Estado: removido Estado: perdido Fonte de classificação ou esquema de arquivamento Estado: danificado Indisponível para empréstimo Localização permanente Localização atual Data de aquisição Total Checkouts Número de Chamada completo Código de barras Date last seen Número do exemplar Preço efetivo a partir de Tipo de item (Koha)
    Classificação Decimal Universal     Biblioteca da Escola Superior de Contas do TCE/MT Biblioteca da Escola Superior de Contas do TCE/MT 27/11/2023   351.712 M538p BIBTCEMT23111166 27/11/2023 Ex. 1 27/11/2023 Livros
    Classificação Decimal Universal     Biblioteca da Escola Superior de Contas do TCE/MT Biblioteca da Escola Superior de Contas do TCE/MT 28/11/2023   351.712 M538p BIBTCEMT23111234 28/11/2023 Ex. 2 28/11/2023 Livros

Powered by Koha